Capitals With Two Pairs of Double-Letters - Statistics

General Stats
  • This quiz has been taken 41 times
  • The average score is 3 of 6
Answer Stats
Capital % Correct
Tallinn
71%
Ulaanbaatar
62%
Andorra la Vella
59%
Basseterre
59%
Brazzaville
50%
Valletta
47%
No matching quizzes found
Score Distribution
Percent of People with Each Score
Percentile by Number Answered
Your Score History
You have not taken this quiz